Visual Basic 5 : Krok za krokem /

Enregistré dans:
Détails bibliographiques
Auteur principal: Halvorson, Michael (Auteur)
Format: Kit Livre
Langue:tchèque
Publié: Praha : Computer Press, 1997
Sujets:
Tags: Ajouter un tag
Pas de tags, Soyez le premier à ajouter un tag!

MARC

LEADER 00000npm a22000003a 4500
001 stu81739
005 20150617225638.8
008 030908s1997----cs------------------cze-d
040 |a STU  |b slo 
041 0 |a cze 
044 |a cs 
080 |a 519.68 
080 |a 681.3.06 
100 1 |a Halvorson, Michael  |4 aut 
245 1 |a Visual Basic 5 :  |b Krok za krokem /  |c [aut]Halvorson,Michael 
260 |a Praha :  |b Computer Press,  |c 1997 
650 7 |a Visual Basic 5-programovanie  |2 stusub 
996 |b 284M043269  |c M*CD-25  |l MMKN  |s A  |a 24  |w stu81739_0001